| 000 | 00521cam a2200193ua 4500 | ||
|---|---|---|---|
| 001 | 5929 | ||
| 005 | 20260515113945.0 | ||
| 008 | 131029n ii |||gr||||Z||||||asm | ||
| 040 | _cMAIN | ||
| 082 | _a940 | ||
| 100 |
_aBaruah,Prafulla Kr, _eAuthor. |
||
| 245 |
_aEuropar Chamu Buranji (1789-1939) _cby Prafulla Kr. Baruah |
||
| 250 | _a4th Rev Ed. | ||
| 260 |
_aGuwahati: _bBanalata Publications , _c2005. |
||
| 300 | _a306p. | ||
| 653 | _aHistory of Europe | ||
| 653 | _aEuropar Chamu Buranji (1789-1939) | ||
| 942 | _cBK | ||
| 999 |
_c5078 _d5078 |
||